| 000 | 01298cam a22003734a 4500 | ||
|---|---|---|---|
| 001 | 16481307 | ||
| 003 | Ost | ||
| 005 | 20251112115450.0 | ||
| 008 | 100928s2010 maua b 001 0 eng | ||
| 010 | _a 2010485141 | ||
| 020 | _a9780132139311 | ||
| 020 | _a0132139316 | ||
| 035 | _a16481307 | ||
| 040 |
_aDLC _cDLC _dDLC _beng _erda |
||
| 050 | 0 | 0 |
_aQC760 _b.U49 2010 |
| 100 | 1 |
_aUlaby, Fawwaz T. _q(Fawwaz Tayssir), _d1943- |
|
| 245 | 1 | 0 |
_aFundamentals of applied electromagnetics / _cFawwaz T. Ulaby, Eric Michielssen, Umberto Ravaioli. |
| 246 | 3 | 0 | _aApplied electromagnetics |
| 250 | _a6th ed. | ||
| 260 |
_aBoston : _bPrentice Hall, _cc2010. |
||
| 300 |
_axii, 498 p. : _bill. (some col.) ; _c25 cm. + _e1 CD-ROM (4 3/4 in.) |
||
| 336 |
_atext _btxt _2rdacontent |
||
| 337 |
_aunmediated _bn _2rdamedia |
||
| 338 |
_avolume _bnc _2rdacarrier |
||
| 504 | _aIncludes bibliographical references (p. [487]-488) and index. | ||
| 650 | 0 | _aElectromagnetism. | |
| 650 | 0 |
_aElectromagnetism _xIndustrial applications. |
|
| 700 | 1 | _aMichielssen, Eric. | |
| 700 | 1 | _aRavaioli, Umberto. | |
| 906 |
_a7 _bcbc _corigcop _d2 _eocip _f20 _gy-gencatlg |
||
| 942 |
_2lcc _cBK |
||
| 999 |
_c265138 _d265137 |
||